000 00776nam a2200229Ia 4500
003 GCL
005 20240530102929.0
008 140319s9999 xx 000 0 ara d
040 _aGCL /
_cGCL
082 0 4 _a189
_bس أ
100 1 _aسالم يفوت
245 1 0 _aابن حزم والفكر الفلسفى بالمغرب والاندلس /
_cسالم يفوت
260 _a[S.N] :
_bالمركز الثقافى العربى ،
_c1986
300 _a525 ص
650 0 4 _aالفلسفة الاسلامية
650 0 4 _aالاندلس
650 0 4 _aالحركات الفكرية عند المسلمين
650 0 4 _aالفلاسفة المسلمون
650 0 4 _aالحضارة الاسلامية
650 0 4 _aابن حزم الاندلسى
942 _2ddc
_cBK
999 _c35457
_d35457